Snoopy's "It Was a Dark and Stormy Night" - Statistics

General Stats
  • This quiz has been taken 60 times
  • The average score is 52 of 133
Answer Stats
Answer % Correct
a
94%
A
94%
an
94%
It
94%
it
94%
and
91%
dark
91%
night.
91%
stormy
91%
was
91%
The
63%
the
63%
on
53%
On
53%
in
44%
out!
44%
rang
41%
shot
41%
Suddenly,
41%
be
38%
She
38%
she
38%
that
34%
day.
31%
girl
31%
not
31%
of
31%
boy
28%
Could
28%
door
28%
were
28%
who
28%
all
25%
maid
25%
screamed.
25%
with
25%
appeared
22%
had
22%
horizon!
22%
king
22%
millions
22%
people
22%
pirate
22%
ship
22%
sister
22%
slammed.
22%
sold
22%
starving,
22%
up.
22%
violet
22%
While
22%
farm
19%
Kansas,
19%
Kansas
19%
light
19%
little
19%
lived
19%
luxury.
19%
small
19%
At
16%
at
16%
daughter
16%
growing
16%
Meanwhile,
16%
room
16%
shawl
16%
tattered
16%
young
16%
falling,
13%
important
13%
intern
13%
loved
13%
mysterious
13%
patient
13%
snow
13%
213
9%
city
9%
discovery.
9%
hospital
9%
making
9%
moaned
9%
moment,
9%
softly.
9%
very
9%
awakened.
6%
escaped
6%
finally
6%
from
6%
frowned.
6%
pirates?
6%
No matching quizzes found
Score Distribution
Percent of People with Each Score
Percentile by Number Answered
Your Score History
You have not taken this quiz